Top 10 Countries in Pet Dogs - Statistics

General Stats
  • This quiz has been taken 230 times
  • The average score is 7 of 10
Answer Stats
No.dogs in millions Dog nation % Correct
75.8 United States
99%
27.4 China
94%
15 Russia
86%
35.7 Brazil
84%
7.4 France
83%
10.2 India
81%
12 Japan
79%
9.2 Argentina
58%
11.6 Philippines
23%
4.1 Romania
14%
No matching quizzes found
Score Distribution
Percent of People with Each Score
Percentile by Number Answered
Your Score History
You have not taken this quiz